Real analysis
Na minha lista:
| Autor principal: | |
|---|---|
| Formato: | Livro |
| Idioma: | inglês |
| Publicado em: |
Reading
Addison-Wesley
1969
|
| Colecção: | Addison-Wesley Series in Mathematics
|
| Assuntos: | |
| Tags: |
Adicionar Tag
Sem tags, seja o primeiro a adicionar uma tag!
|
MARC
| LEADER | 00000nam a2200000 a 4500 | ||
|---|---|---|---|
| 001 | UCQ9591 | ||
| 003 | CL-VaPUC | ||
| 008 | 990112e19690000US |||||||||||||||||eng|d | ||
| 082 | 0 | 4 | |a 515.8 |b LAN |2 21 |
| 100 | |a Lang, Serge |9 719911 | ||
| 245 | 1 | 0 | |a Real analysis |
| 300 | |a 476 p | ||
| 942 | |c BK | ||
| 945 | |d 19990112 00:00:00 |a crobeson | ||
| 260 | |a Reading |b Addison-Wesley |c 1969 | ||
| 650 | 0 | |a Funciones de variables reales |9 304566 | |
| 650 | 0 | |a Topología |9 260092 | |
| 650 | 0 | |a Cálculo |9 260234 | |
| 650 | 7 | |a ESPACIOS DE BANACH |2 CL-VaPUC |9 260167 | |
| 650 | 0 | |a Análisis funcional |9 269993 | |
| 650 | 0 | |a Espacios euclídeos |9 424238 | |
| 650 | 0 | |a Análisis global |9 423989 | |
| 583 | |a last modification |c 19990112 00:00:00 |k Rodrigo Vera | ||
| 490 | 0 | |a Addison-Wesley Series in Mathematics | |
| 999 | |c 278587 |d 278585 | ||
| 952 | |0 0 |1 0 |4 0 |6 515_800000000000000_LAN_1969 |7 0 |8 A |9 317213 |a BIBMAT |b BIBMAT |d 2019-11-20 |i 1316524 |o 515.8 LAN 1969 |p 1316524 |r 2025-01-07 |w 2019-11-20 |y BK |k MAT | ||
| 952 | |0 0 |1 0 |4 0 |6 515_800000000000000_LAN_1969 |7 0 |8 A |9 317214 |a BIBMAT |b BIBMAT |d 2019-11-20 |i 1316532 |o 515.8 LAN 1969 |p 1316532 |r 2025-01-07 |w 2019-11-20 |y BK |k MAT | ||